Online
Catalog

Historia política dominicana contemporánea 1965-2012 / (Record no. 49255)

MARC details
000 -CABECERA
campo de control de longitud fija 01773nam a2200313 a 4500
001 - NÚMERO DE CONTROL
campo de control
003 - IDENTIFICADOR DEL NÚMERO DE CONTROL
campo de control DO-SdBNP
005 - FECHA Y HORA DE LA ÚLTIMA TRANSACCIÓN
campo de control 20250401135254.0
007 - CAMPO FIJO DE DESCRIPCIÓN FÍSICA--INFORMACIÓN GENERAL
campo de control de longitud fija ta
008 - DATOS DE LONGITUD FIJA--INFORMACIÓN GENERAL
campo de control de longitud fija 090509s2012 drdr aoc gr 000 1 edspa d
020 ## - NÚMERO INTERNACIONAL ESTÁNDAR DEL LIBRO
Número Internacional Estándar del Libro 9788845489385
020 ## - NÚMERO INTERNACIONAL ESTÁNDAR DEL LIBRO
Número Internacional Estándar del Libro
040 ## - FUENTE DE LA CATALOGACIÓN
Centro catalogador/agencia de origen DO-SdBNP
Lengua de catalogación spa
Centro/agencia transcriptor BNPHU
082 #4 - NÚMERO DE LA CLASIFICACIÓN DECIMAL DEWEY
Número de clasificación 324.27293
Número de documento/Ítem J96h
Número de edición 22
100 1# - ENTRADA PRINCIPAL--NOMBRE DE PERSONA
Nombre de persona Justo Duarte, Amaury,
Fechas asociadas al nombre 1942-
9 (RLIN) 8575
245 10 - MENCIÓN DE TÍTULO
Título Historia política dominicana contemporánea 1965-2012 /
Mención de responsabilidad, etc. Amaury Justo Duarte.
250 ## - MENCIÓN DE EDICIÓN
Mención de edición
260 ## - PUBLICACIÓN, DISTRIBUCIÓN, ETC.
Lugar de publicación, distribución, etc. Santo Domingo :
Nombre del editor, distribuidor, etc. Santuario,
Fecha de publicación, distribución, etc. 2012
300 ## - DESCRIPCIÓN FÍSICA
Extensión 745 p. ;
Otras características físicas il., fotogr., retr. ;
Dimensiones 23 cm.
500 ## - NOTA GENERAL
Nota general Incluye referencias biográficas del autor en la solapa de la cubierta
504 ## - NOTA DE BIBLIOGRAFÍA, ETC.
Nota de bibliografía, etc. Incluye bibliografía y notas al pie de las páginas
505 0# - NOTA DE CONTENIDO CON FORMATO
Título Introducción general --
-- El gobierno provisional / Hector García Goddoy, septiembre 1965- 1966
-- Los doce años de Balaguer (1966-1978) --
-- La consolidación del neo-trujllismo (1970-1974) --
-- El final de los 12 años (1974-1978) --
-- Los gobiernos del PRD (1978-1986) --
Información miscelánea La administración de Jorge Blanco (1982-1986) --
Título La nueva administración reformista (1986-1990) --
-- Luchas políticas (1990-1994). Las reformas constitucionales, El ocaso del balaguerismo y el ascenso del PLD --
-- PLD La primera experiencia del poder (1996-2000) --
-- La administración perredista (2000-2004) --
-- El regreso del PLD al poder (2004-2008) --
Información miscelánea La reelección de Leonel Fernández (2008-2012) --
Título Documentos históricos.
590 ## - NOTA LOCAL (RLIN)
Nota local Inventariado, 2020/VM
650 #4 - PUNTO DE ACCESO ADICIONAL DE MATERIA--TÉRMINO DE MATERIA
Término de materia o nombre geográfico como elemento de entrada Partidos políticos
Subdivisión geográfica República Dominicana
Subdivisión cronológica 1844-2004
9 (RLIN) 2583
651 #4 - PUNTO DE ACCESO ADICIONAL DE MATERIA--NOMBRE GEOGRÁFICO
Nombre geográfico República Dominicana
Subdivisión general Política y Gobierno
Subdivisión cronológica 1844-2004
9 (RLIN) 2584
651 #4 - PUNTO DE ACCESO ADICIONAL DE MATERIA--NOMBRE GEOGRÁFICO
Nombre geográfico República Dominicana
Subdivisión general Historia
Subdivisión cronológica 1844-2004
9 (RLIN) 2585
910 ## - DATOS DE OPCIÓN DEL USUARIO (OCLC)
Datos de opción del usuario VMateo
942 ## - ELEMENTOS DE PUNTO DE ACCESO ADICIONAL (KOHA)
Fuente del sistema de clasificación o colocación Dewey Decimal Classification
Tipo de ítem Koha Libro
Holdings
Estado de retiro Estado de pérdida Fuente del sistema de clasificación o colocación Restricciones de uso No para préstamo Código de colección Localización permanente Ubicación/localización actual Fecha de adquisición Fuente de adquisición Total de préstamos Signatura topográfica completa Código de barras Fecha visto por última vez Precio válido a partir de Tipo de ítem Koha Número de copia Ubicación en estantería
    Dewey Decimal Classification Préstamo en sala   Dominicana de Servicio Biblioteca Nacional Pedro Henríquez Ureña Biblioteca Nacional Pedro Henríquez Ureña 19.08.2019     324.27293 J96h 2022-3051 17.06.2022 17.06.2022 Libro e.3 En catalogación
    Dewey Decimal Classification Excluido de préstamo Excluido de préstamo Monografías: Libros y Folletos Biblioteca Nacional Pedro Henríquez Ureña Patrimonio Dominicano 07.12.2020 Luciano M. P   BNPHU PD 324.27293 J96h 2020-0648 07.12.2020 07.12.2020 Libro    
    Dewey Decimal Classification Excluido de préstamo Préstamo restrigido Monografías: Libros y Folletos Biblioteca Nacional Pedro Henríquez Ureña Patrimonio Dominicano 07.12.2020 Luciano M. P   BNPHU PD 324.27293 J96h 2020-0649 07.12.2020 07.12.2020 Libro e.2  

Powered by Koha